000 00558nam a2200229Ia 4500
003 OSt
005 20220924152035.0
006 a|||||r|||| 00| 0
007 ta
008 220923b |||||||| |||| 00| 0 tel d
024 _a340502
037 _cTextual
040 _aARTS
_cARTS
_btel
041 _2tel
_atel
082 _aO155,3N15,12, K2
100 _aJoshi
_918016
245 0 _aKomdi
260 _c1962
650 _aMARATHI LITERATURE
_938000
942 _hO155,3N15,12, K2
_cTEXL
_2CC
999 _c468465
_d468465